| 000 | 01026nam#a22003135ar4500 | ||
|---|---|---|---|
| 001 | 145 | ||
| 008 | 060216s1981####ag#abo#d|b###|||1#||spa|d | ||
| 245 | 1 | 0 |
_aHistoria 3 : _bLa organización y derecho de la nación Argentina y el mundo contemporáneo / _cMaría L. N. De Miretzk, Susana N. Royo, Elvira M. L. Salluzzi. |
| 250 | _a1ª ed. | ||
| 260 |
_aBs. As. : _bKapelusz, _c1981. |
||
| 300 |
_a342 p. : _bfot., map., cuad. ; _c16 cm. |
||
| 521 | _aPara 3º año del ciclo 9 básico de las escuelas de comercio y de Educ. Técnica | ||
| 020 | _a9501325520 | ||
| 100 | 1 | _aDe Miretzky, María L. N. | |
| 700 | 1 | _aRoyo, Susana N. | |
| 700 | 1 | _aSalluzzi, Elvira M.L. | |
| 080 | _a94(82) | ||
| 084 | _aD29 | ||
| 653 | _aRomanticismo | ||
| 653 | _aJuan Manuel de Rosas | ||
| 653 | _aOrganización constitucional | ||
| 653 | _aBartolomé Mitre | ||
| 653 | _aDomingo Faustino Sarmiento | ||
| 653 | _aSegunda Guerra mundial | ||
| 040 |
_aAR-ClEAG _cAR-ClEAG |
||
| 005 | 20241107184626.0 | ||
| 003 | AR-ClEAG | ||
| 942 | _cBK | ||
| 999 |
_c145 _d145 |
||
| 980 |
_62 _aEvangelina Gallicchio _82 _gEvangelina Gallicchio |
||